00499nam a22001577a 450000500170000000800410001702000150005804100130007308200150008610000230010124500960012425000190022026000510023930000260029065000250031620231127073129.0231127b |||||||| |||| 00| 0 eng d a9991622853 aEnglish  a340.5 HIN  aHinz MO lEnglish  aWithout Chiefs there would be no Game : bCustomary Law and Nature Conservation, cMO Hinz  aFirst Edition  aWindhoek : bOut of Africa Publishers, c2003  b178 pages ; c25 cm.  aLegal practice bLaw